Husband By Proxy/ (Record no. 216150)

MARC details
000 -LEADER
fixed length control field 00590nam a22001937a 4500
005 - DATE AND TIME OF LATEST TRANSACTION
control field 20260514103947.0
010 ## - LCCN (DPL NO)
LC control number ENG-148475
020 ## - INTERNATIONAL STANDARD BOOK NUMBER
International Standard Book Number 9789395481403
Terms of availability 275.00
035 ## - SYSTEM CONTROL NUMBER
System control number EN-132007
037 ## - SOURCE OF ACQUISITION
Source of stock number/acquisition DBAD
082 ## - DEWEY DECIMAL CLASSIFICATION NUMBER
Classification number N
100 ## - MAIN ENTRY--PERSONAL NAME
Personal name Mehta, Purva Ahuja
245 ## - TITLE STATEMENT
Title Husband By Proxy/
Statement of responsibility, etc Purva Ahuja Mehta
250 ## - EDITION STATEMENT
Edition statement 1
260 ## - PUBLICATION, DISTRIBUTION, ETC. (IMPRINT)
Name of publisher, distributor, etc Vishwakarma Publications
Date of publication, distribution, etc 2024
Place of publication, distribution, etc Maharashtra
270 ## - ADDRESS
Address 34A/1, Suyog Center, 7th floor, Gultekedi Marketyard Road, Giridhar Bhavan Chowk,
Postal code 411037
City Pune
Electronic mail address info@vpindia.co.in
300 ## - PHYSICAL DESCRIPTION
Extent 185p.
Dimensions 20cm (pb)
942 ## - ADDED ENTRY ELEMENTS (KOHA)
Source of classification or shelving scheme Dewey Decimal Classification
Item type English Books
Classification part N
Call number suffix MEH
Holdings
Withdrawn status Lost status Not for loan Collection code Home library Current library Date acquired Source of acquisition Cost, normal purchase price Full call number Barcode Copy number Cost, replacement price Koha item type
      Fiction Kasturba Gandhi Marg Kasturba Gandhi Marg 14/05/2026 Delivery of Books Act Division 275.00 N MEH EN-132007 1 275.00 English Books

© Delhi Public Library
Hit Counter
free hit counter